<?xml version="1.0" encoding="UTF-8"?>
<record
    xmlns:xsi="http://www.w3.org/2001/XMLSchema-instance"
    xsi:schemaLocation="http://www.loc.gov/MARC21/slim http://www.loc.gov/standards/marcxml/schema/MARC21slim.xsd"
    xmlns="http://www.loc.gov/MARC21/slim">

  <leader>02462nam a22001937a 4500</leader>
  <controlfield tag="003">OSt</controlfield>
  <controlfield tag="005">20240215103008.0</controlfield>
  <controlfield tag="008">240206s2019    ag ||||| |||| 00| 0 spa d</controlfield>
  <datafield tag="020" ind1=" " ind2=" ">
    <subfield code="a">9789877710304</subfield>
  </datafield>
  <datafield tag="040" ind1=" " ind2=" ">
    <subfield code="b">spa</subfield>
    <subfield code="c">besoc</subfield>
  </datafield>
  <datafield tag="100" ind1="1" ind2=" ">
    <subfield code="a">Echenique, Mariano,</subfield>
    <subfield code="e">autor</subfield>
  </datafield>
  <datafield tag="245" ind1="1" ind2="0">
    <subfield code="a">De la concordancia a cambiemos :</subfield>
    <subfield code="b">El sue&#xF1;o de las terceras fuerzas (PDP-UCRA, Frepaso y ARI) /</subfield>
    <subfield code="c">Mariano Echenique ; Pr&#xF3;logo de Leandro Santoro</subfield>
  </datafield>
  <datafield tag="260" ind1=" " ind2=" ">
    <subfield code="a">Rosario :</subfield>
    <subfield code="b">Homo Sapiens Ediciones,</subfield>
    <subfield code="c">2019.</subfield>
  </datafield>
  <datafield tag="300" ind1=" " ind2=" ">
    <subfield code="a">224 p.</subfield>
  </datafield>
  <datafield tag="505" ind1="0" ind2=" ">
    <subfield code="a">1. De yrigoyen a Per&#xF3;n. El primer sue&#xF1;o tercerista: PDP y UCRA -- El Partido Dem&#xF3;crata Progresista PDP -- La Uni&#xF3;n C&#xED;vica Radical Antipersonalista UCRA -- Golpe del 30, D&#xE9;cada Infame y Concordancia -- La lucha armada radical y Forja -- Ricardo Rojas, el que abri&#xF3; los ojos -- Llegan los radicales P -- Ni Braden ni Per&#xF3;n -- La Coordinadora y la contradicci&#xF3;n fundamental -- La Coordinadora y la C&#xE1;mpora -- La democracia social seg&#xFA;n Juan: el Modelo Argentino. II. Alfonsinismo -- El novedoso pensamiento de Alfons&#xED;n -- La Prensa contra el alfonpopulismo -- UPAU contra el alfonpopulismo educativo -- Alfons&#xED;n presidente -- El fin del dispositivo de democracia intermitente -- El tercer movimiento hist&#xF3;rico -- La UCR frente al menemismo -- Santa Fe 94: llega la primera Constituci&#xF3;n popular leg&#xED;tima -- Democracia social, socialdemocracia, progresismo. 3. Tercerismos recientes -- El segundo sue&#xF1;o tercerista: el Frepaso -- Recuperar, depurar, centroizquierdizar la UCR -- Yo fui un joven nini -- El discurso moral en el panradicalismo -- El tercer sue&#xF1;o: el ARI contra el establishment -- El tercer sue&#xF1;o: el ARI contra el gatopardismo K -- La denuncia de la mascarada o simulacro K -- El jacuzzi de la rana (c&#xF3;mo fue posible sumar la UCR al PRO) -- Solo el tercerismo tropieza 35 veces con la misma piedra -- 4. La derecha liberal --  La derecha liberal, de Benegas Lynch a la UCEDE -- La derecha liberal, de CPC al PRO -- 5. Las nuevas democracias avanzadas -- Neopopulismo (e impopulismo) en Am&#xE9;rica Latina -- El Frente Amplio argentino. N&#xE9;stor y Cristina presidentes -- &#xA1;Hab&#xED;a que normalizar! -- Grieta era la de antes -- El ensanche de Unidad Ciudadana -- Laudato S&#xED; y la Internacional de Abajo -- No es (exactamente) la unidad del peronismo -- Imaginando el frente Amplio Ciudadano -- Bibliograf&#xED;a.- </subfield>
  </datafield>
  <datafield tag="650" ind1=" " ind2="4">
    <subfield code="a">Pol&#xED;tica</subfield>
    <subfield code="x">Historia</subfield>
    <subfield code="z">Argentina</subfield>
  </datafield>
  <datafield tag="700" ind1="1" ind2=" ">
    <subfield code="a">Santoro, Leandro </subfield>
    <subfield code="e">prologuista</subfield>
  </datafield>
  <datafield tag="942" ind1=" " ind2=" ">
    <subfield code="2">udc</subfield>
    <subfield code="c">OG</subfield>
    <subfield code="n">0</subfield>
  </datafield>
  <datafield tag="999" ind1=" " ind2=" ">
    <subfield code="c">183</subfield>
    <subfield code="d">183</subfield>
  </datafield>
  <datafield tag="952" ind1=" " ind2=" ">
    <subfield code="0">0</subfield>
    <subfield code="1">0</subfield>
    <subfield code="2">udc</subfield>
    <subfield code="4">0</subfield>
    <subfield code="7">0</subfield>
    <subfield code="8">CG</subfield>
    <subfield code="a">ESOCIALES</subfield>
    <subfield code="b">ESOCIALES</subfield>
    <subfield code="d">2024-02-06</subfield>
    <subfield code="l">0</subfield>
    <subfield code="o">32(82) EC18</subfield>
    <subfield code="p">000884</subfield>
    <subfield code="r">2024-02-06 00:00:00</subfield>
    <subfield code="w">2024-02-06</subfield>
    <subfield code="y">OG</subfield>
  </datafield>
</record>
